LDR 00481naa#a2200145#i#450# 001 EN\INFRA-M\bibl\14639 005 20260427034052.1 100 ## _a20250114b2025####ek#y0engy0150####ca 102 ## _aRU 200 1# _aUSING NATURAL LANGUAGE PROCESSING TECHNOLOGIES TO CHECK THE QUALITY OF STUDENT WORK _eConference article/thesis 210 1# _aMoscow _cINFRA-M Academic Publishing LLC. _d2025 215 ## _a4 с. 608 ## _aConference article/thesis _2local 700 #1 _aMilevskiy _gA. S. 856 4# _azh-szf.ru _u